000
00338 a2200145 4500
001
150120
040
_c
Escola São Tomás de Aquino
100
_a
QUEIRÓS, Bartolomeu Campos de
240
1
0
_a
Coração não toma sol
_l
por
245
1
0
_a
Coração não toma sol
362
0
_a
1986
440
1
_a
FTD
697
_a
Poesia
942
_c
BK
999
_c
150120
_d
150120